SAMAJ KARYA SHIKSHAN PRASHIKSHAN (Record no. 12007)

MARC details
000 -LEADER
fixed length control field 00290nam a22001337a 4500
003 - CONTROL NUMBER IDENTIFIER
control field SGT
082 ## - DEWEY DECIMAL CLASSIFICATION NUMBER
Classification number 370
Item number S14G
100 ## - MAIN ENTRY--PERSONAL NAME
Personal name GUPTA, RAMESH
245 ## - TITLE STATEMENT
Title SAMAJ KARYA SHIKSHAN PRASHIKSHAN
260 ## - PUBLICATION, DISTRIBUTION, ETC. (IMPRINT)
Place of publication, distribution, etc NEW DELHI
Name of publisher, distributor, etc INDIAN PUB
Year of Publication 2014
300 ## - PAGE DESCRIPTION
No. of Pages 226
650 ## - SUBJECT ADDED ENTRY--TOPICAL TERM
Topical term or geographic name as entry element EDUCATION
942 ## - ADDED ENTRY ELEMENTS (KOHA)
Source of classification or shelving scheme Dewey Decimal Classification
Koha item type Books
Holdings
Withdrawn status Lost status Source of classification or shelving scheme Damaged status Not for loan Collection code Home library Current library Shelving location Date acquired Vendor Name Cost, normal purchase price SGTU Bill Number Full call number Accession No. (Barcode) Date last seen Bill Date Koha item type
    Dewey Decimal Classification     EDUCATION SGT Engineering Library SGT Engineering Library Text Book 27/06/2017 UNIVERSAL PUB 190.00 SGTU 101/102 370 S14G ED1776 27/06/2017 22/11/2016 Books
    Dewey Decimal Classification     EDUCATION SGT Engineering Library SGT Engineering Library Text Book 27/06/2017 UNIVERSAL PUB 190.00 SGTU 101/102 370 S14G ED1777 27/06/2017 22/11/2016 Books
    Dewey Decimal Classification     EDUCATION SGT Engineering Library SGT Engineering Library Text Book 27/06/2017 UNIVERSAL PUB 190.00 SGTU 101/102 370 S14G ED1778 27/06/2017 22/11/2016 Books
    Dewey Decimal Classification     EDUCATION SGT Engineering Library SGT Engineering Library Text Book 27/06/2017 UNIVERSAL PUB 190.00 SGTU 101/102 370 S14G ED1779 27/06/2017 22/11/2016 Books
    Dewey Decimal Classification     EDUCATION SGT Engineering Library SGT Engineering Library Text Book 27/06/2017 UNIVERSAL PUB 190.00 SGTU 101/102 370 S14G ED1780 27/06/2017 22/11/2016 Books